Evaluación del rendimiento de la enseñanza superior a distancia=Evaluation of higher distance education results
Na minha lista:
| Autor Corporativo: | |
|---|---|
| Formato: | Livro |
| Idioma: | espanhol |
| Publicado em: |
Madrid
Ministerio de Educación y Ciencia
1984
|
| Assuntos: | |
| Tags: |
Adicionar Tag
Sem tags, seja o primeiro a adicionar uma tag!
|
MARC
| LEADER | 00000nam a2200000 a 4500 | ||
|---|---|---|---|
| 001 | UCZ6734 | ||
| 003 | CL-VaPUC | ||
| 005 | 20240917113309.0 | ||
| 008 | 951215e19840000sp 1 spa d | ||
| 082 | 0 | 4 | |a 371.262 |b UNI |2 21 |
| 110 | 2 | |a Universidad Nacional de Educación a Distancia |e author |9 617451 | |
| 245 | 1 | 0 | |a Evaluación del rendimiento de la enseñanza superior a distancia=Evaluation of higher distance education results |
| 260 | |a Madrid |b Ministerio de Educación y Ciencia |c 1984 | ||
| 300 | |a 546 p | ||
| 583 | |a last modification |c 19951215 00:00:00 |k Rodrigo Vera | ||
| 650 | 0 | 0 | |a Evaluación de la educación |9 237505 |
| 650 | 0 | 0 | |a Investigación educacional |9 261192 |
| 650 | 0 | 0 | |a Educación a distancia |9 308343 |
| 650 | 0 | 0 | |a Universidades |9 256317 |
| 650 | 0 | 0 | |a Educación superior |9 223851 |
| 650 | 0 | 0 | |a Sistemas educacionales |9 324695 |
| 942 | |c BK | ||
| 945 | |a cmena |d 19951215 00:00:00 | ||
| 546 | |a En Español | ||
| 518 | |p Congreso Internacional de Universidades Abiertas y a Distancia, 1, Madrid, 24 al 28 de Octubre de 1983 | ||
| 999 | |c 382474 |d 382472 | ||
| 952 | |0 0 |1 0 |4 0 |6 371_262000000000000_UNI_1984 |7 0 |8 P |9 504194 |a BIBEDU |b BIBEDU |c BIBEDU_PB |d 2020-01-23 |i 1608037 |o 371.262 UNI 1984 |p 1608037 |r 2024-01-25 |w 2020-01-23 |y BK |k EDU | ||
| 952 | |0 0 |1 0 |4 0 |6 371_262000000000000_UNI_1984 |7 0 |8 P |9 504195 |a BIBEDU |b BIBEDU |c BIBEDU_PB |d 2020-01-23 |i 1629506 |o 371.262 UNI 1984 |p 1629506 |r 2024-01-25 |w 2020-01-23 |y BK |k EDU | ||